Catálogo de material de oficina / (Record no. 62189)
[ view plain ]
| 000 -LEADER | |
|---|---|
| campo de control de longitud fija | 00756nam a2200169 i 4500 |
| 001 - NÚMERO DE CONTROL | |
| campo de control | 62189 |
| 003 - IDENTIFICADOR DE NÚMERO DE CONTROL | |
| campo de control | ES-MaACL |
| 005 - FECHA Y HORA DE LA ÚLTIMA TRANSACCIÓN | |
| campo de control | 20230906164625.0 |
| 007 - CAMPO FIJO DE DESCRIPCIÓN FÍSICA--INFORMACIÓN GENERAL | |
| campo de control de longitud fija | t| |
| 008 - DATOS DE LONGITUD FIJA--INFORMACIÓN GENERAL | |
| campo de control de longitud fija | 031118s1973 sp af |||| | spa d |
| 111 2# - ENTRADA PRINCIPAL--NOMBRE DE CONGRESO/REUNIÓN | |
| Nombre de congreso/reunión o jurisdicción como elemento de entrada | Feria Oficial Monográfica Internacional de Equipo de Oficina y de la Informática ( |
| Número del congreso/reunión o número de parte o sección | 13ª. |
| Fecha del congreso o de la firma del tratado | 1973. |
| Sede del congreso/Lugar de la reunión | Madrid) |
| 9 (RLIN) | 169732 |
| 245 10 - MENCIÓN DEL TÍTULO | |
| Título | Catálogo de material de oficina / |
| Mención de responsabilidad, etc. | 13 S.I.M.O., Feria de Muestras Monográfica Internacional del Equipo de Oficina y de la Informática, Madrid, noviembre 1973. |
| 260 ## - PUBLICACIÓN, DISTRIBUCIÓN, ETC. | |
| Lugar de publicación, distribución, etc. | Madrid : |
| Nombre del editor, distribuidor, etc. | Centro de la Informática, Técnica y Material Administrativos, |
| Fecha de publicación, distribución, etc. | [1973] |
| 300 ## - DESCRIPCIÓN FÍSICA | |
| Extensión | 1488 p., 2 lám. : |
| Otras características físicas | il. ; |
| Dimensiones | 24 cm. |
| 650 #4 - PUNTO DE ACCESO ADICIONAL DE MATERIA--TÉRMINO DE MATERIA | |
| Término de materia o nombre geográfico como elemento de entrada | Oficinas- |
| Subdivisión general | Material y equipo- |
| Subdivisión de forma | Catálogos. |
| 9 (RLIN) | 169722 |
| 852 ## - LOCALIZACIÓN | |
| Ubicación | ES-MaACL |
| Número de control de estantería | C-55577 |
| Estatus retirado | Estado de pérdida | Estado de daño | No para préstamo | Biblioteca de origen | Biblioteca actual | Ubicación en estantería | Fecha de adquisición | Fuente de adquisición | Total de préstamos | Signatura topográfica completa | Código de barras | Visto por última vez | Precio de reemplazo | Tipo de ítem Koha |
|---|---|---|---|---|---|---|---|---|---|---|---|---|---|---|
| Biblioteca del Ateneo de Madrid | Biblioteca del Ateneo de Madrid | Depósito 2 | 17/01/2008 | C-55577 | 1065196 | 23/02/2023 | 23/02/2023 | Libro impreso |
